000 00330nam a2200133Ia 4500
008 200103s9999||||xx |||||||||||||| ||und||
040 _aIMU-MPC
082 _aColumn-23
100 _aShah, C.C.
245 0 _aAdvanced topics in Engineering Mathematics
260 _bAcharya Book Depot, Baroda
_c1966
300 _a477
942 _cBK
999 _c6808
_d6808